000 00711nam a2200289Ia 4500
005 20260324125353.0
008 008 260324s9999 xx 000 0 eng d
020 _a9780367817794
037 _aEBOOK
040 _aCRL
040 _beng
040 _cCRL
041 _2eng
041 _aeng
084 _qCRL
100 _aTalat Ahmed
_9600926
245 0 _aLiterature and Politics in the Age of Nationalism
245 4 _bThe Progressive Episode in South Asia, 1932-56
260 _bTaylor and Francis
260 _c2009
365 _a
365 _b230
856 _uhttp://www.taylorfrancis.com/books/9780367817794
942 _cEBOOK
999 _c1772905
_d1772905